000 00892nam a22002177a 4500
999 _c64929
_d64929
005 20240530110758.0
008 190115s2017 ua a g 000 0 ara d
017 _a2017/14806
_bمصر. دار الكتب
020 _a9789779113876
040 _aEG-CaGPL
_cEG-CaGPL
082 0 4 _221
_a091 /
_bح م
245 0 2 _aالمعهد الثقافى الافريقى العربى ( بامكو ) :
_bتراث مخطوطات اللغات الافريقية بالحرف العربى ( عجمى ) /
_cتحرير وتقديم حلمى شعراوى
250 _aط.1
260 _aالقاهرة :
_bالهيئة المصرية العامة للكتاب،
_c2017.
300 _a2 مج. :
_bايض ؛
_c24 سم.
650 0 7 _2qrmak
_aالمخطوطات
651 _2qrmak
700 0 _aحلمى شعراوى
_eمحرر ومقدم
942 _2ddc
_cBK